00634nam a2200193 a 4500001000400000003000500004005001700009008004100026040002000067100002400087245015800111260003700269300001100306650001200317650004400329650002000373700002400393700002300417759CDMR20131129095430.0130130s1977||||||||||||||||||||||||||||d aCDMRbcatcCDMR1 aCisquella, Georgina10aDiez años de represión culturalb: la censura de libros durante la Ley de Prensa (1966-76)cGeorgina Cisquella, José Luis Erviti, José A. Sorolla aBarcelonac1977bAnagrama [etc.] a177 p.04aCensura04aEspanyaxPolítica de la comunicació04aPremsazEspanya1 aErviti, José Luis1 aSorolla, José A.